000 00497nam a22001457a 4500
008 230420b |||||||| |||| 00| 0 eng d
040 _aNational Science Library
_cNational Science Library
080 _a5(061.1)(058)
_bL0
245 _aYear Book of the Indian national science academy 1970
_c/Indian National Science Academy
260 _aNew Delhi:
_bIndian National Science Academy,
_c1970
300 _a179p.
650 _aBasic science
653 _aFinance committee
942 _2udc
_cYBK
999 _c38842
_d38842